| 000 | 01782agaaa2200337 4500 | ||
|---|---|---|---|
| 001 | 6210 | ||
| 003 | IT-RoPAU | ||
| 005 | 20220918181231.0 | ||
| 007 | d cvaizq | ||
| 008 | 50131s9999||||xx ||| | || ||und|| | ||
| 040 |
_aIT-RoPAU _cIT-RoPAU |
||
| 041 | _aITALIANO | ||
| 100 |
_aPontecorvo Gillo _gCodice regista SPICS: 2421 _940779 |
||
| 130 |
_aGRANDE STRADA AZZURRA (LA) _940780 |
||
| 240 |
_aSQUARCIO' _gT1839 |
||
| 245 |
_aGRANDE STRADA AZZURRA (LA) _cProdotto da: Malenotti Maleno -- Sceneggiatura: Solinas Franco De Concini Ennio Pontecorvo Gillo -- Diretto da: Pontecorvo Gillo _pGRANDE STRADA AZZURRA (LA) (Rif. Codice opera principale : 26210) |
||
| 246 | _aSQUARCIO' | ||
| 250 | _aEdizione Standard | ||
| 260 |
_aROMA - PARIGI - MONACO (ITALIA-FRANCIA) _bGE.S.L. - PLAY ART - EICHBERG / Distribuzione: RAI _g"1957 (1° ed.: 1984 ; Ed. Lingua Orig.: 1957)" |
||
| 300 |
_aVHS _bsonoro, col. _c95 minuti |
||
| 508 | _a"Fotografia: Montuori Mario; Montaggio: Da Roma Eraldo; Musica: Franci Carlo; Sceneggiatura: Solinas Franco De Concini Ennio Pontecorvo Gillo; Scenografia: Gherardi Piero; " | ||
| 511 | _a"Rabal Francisco; Girotti Mario; Ranchi Federica; Carsten Peter; Valli Alida; Montand" | ||
| 520 | _aTRA I POVERI PESCATORI DELL'ARCIPELAGO SQUARCIO' CHE PRATICA ABUSIVAMENTE LA PESCA CON BOMBE ESPLOSIVE E' L'UNICO CHE GODA DI UNA CERTA AGIATEZZA PESCA ABUSIVA AMORE DRAMMATICO | ||
| 538 | _aPAL, STEREO | ||
| 546 | _aITALIANO | ||
| 650 |
_aDRAMMATICO _eFILMS [VHS] _xCodice MATERIA SPICS: 9960 _934083 |
||
| 700 |
_aFranci Carlo _e(musica) _gCodice Musica SPICS: 30955 _940781 |
||
| 700 |
_aPontecorvo Gillo _e(regista) _gCodice regista SPICS: 2421 _940782 |
||
| 700 |
_aSolinas Franco _e(soggetto) _gCodice Soggetto SPICS: 1140 _940783 |
||
| 942 |
_cVH _2ddc |
||
| 999 |
_c105328 _d105328 |
||